A TEXT BOOK OF PHARMACEUTICAL FORMULATION (Record no. 8157)

MARC details
000 -LEADER
fixed length control field 00362nam a22001577a 4500
003 - CONTROL NUMBER IDENTIFIER
control field SGT
020 ## - INTERNATIONAL STANDARD BOOK NUMBER
International Standard Book Number 81-85731-04-7
082 ## - DEWEY DECIMAL CLASSIFICATION NUMBER
Classification number 615.190, P15M
100 ## - MAIN ENTRY--PERSONAL NAME
Personal name MITHAL, B.M.
245 ## - TITLE STATEMENT
Title A TEXT BOOK OF PHARMACEUTICAL FORMULATION
250 ## - EDITION STATEMENT
Edition statement 16TH
260 ## - PUBLICATION, DISTRIBUTION, ETC. (IMPRINT)
Place of publication, distribution, etc DELHI
Name of publisher, distributor, etc VALLABH PRAKASHAN
Year of Publication 2015
300 ## - PAGE DESCRIPTION
No. of Pages 392
650 ## - SUBJECT ADDED ENTRY--TOPICAL TERM
Topical term or geographic name as entry element PHARMACEUTICAL
942 ## - ADDED ENTRY ELEMENTS (KOHA)
Source of classification or shelving scheme Dewey Decimal Classification
Koha item type Books
942 ## - ADDED ENTRY ELEMENTS (KOHA)
-- 4
Holdings
Withdrawn status Lost status Source of classification or shelving scheme Damaged status Not for loan Collection code Home library Current library Shelving location Date acquired Vendor Name Cost, normal purchase price SGTU Bill Number Total Checkouts Full call number Accession No. (Barcode) Date last seen Bill Date Koha item type Date last borrowed
    Dewey Decimal Classification     PHARMACY SGT FA-FP Library SGT FA-FP Library Text Book 12/12/2015 AHUJA BOOK COMPNY 200.00 SGTU 6162   615.190, P15M FP1626 12/12/2015 06/10/2015 Books  
    Dewey Decimal Classification     PHARMACY SGT FA-FP Library SGT FA-FP Library Text Book 12/12/2015 AHUJA BOOK COMPNY 200.00 SGTU 6162 2 615.190, P15M FP1627 11/11/2019 06/10/2015 Books 09/11/2019
    Dewey Decimal Classification     PHARMACY SGT FA-FP Library SGT FA-FP Library Text Book 12/12/2015 AHUJA BOOK COMPNY 200.00 SGTU 6162 4 615.190, P15M FP1628 23/05/2024 06/10/2015 Books 10/05/2024
    Dewey Decimal Classification     PHARMACY SGT FA-FP Library SGT FA-FP Library Text Book 12/12/2015 AHUJA BOOK COMPNY 200.00 SGTU 6162 1 615.190, P15M FP1629 07/05/2019 06/10/2015 Books 06/05/2019
    Dewey Decimal Classification     PHARMACY SGT FA-FP Library SGT FA-FP Library Text Book 12/12/2015 AHUJA BOOK COMPNY 200.00 SGTU 6162   615.190, P15M FP1630 12/12/2015 06/10/2015 Books  
    Dewey Decimal Classification     PHARMACY SGT FA-FP Library SGT FA-FP Library Text Book 12/12/2015 AHUJA BOOK COMPNY 200.00 SGTU 6162 2 615.190, P15M FP1631 02/02/2024 06/10/2015 Books 16/01/2024
    Dewey Decimal Classification     PHARMACY SGT FA-FP Library SGT FA-FP Library Text Book 12/12/2015 AHUJA BOOK COMPNY 200.00 SGTU 6162   615.190, P15M FP1632 12/12/2015 06/10/2015 Books  
    Dewey Decimal Classification     PHARMACY SGT FA-FP Library SGT FA-FP Library Text Book 12/12/2015 AHUJA BOOK COMPNY 200.00 SGTU 6162   615.190, P15M FP1633 12/12/2015 06/10/2015 Books  
    Dewey Decimal Classification     PHARMACY SGT FA-FP Library SGT FA-FP Library Text Book 12/12/2015 AHUJA BOOK COMPNY 200.00 SGTU 6162   615.190, P15M FP1634 20/04/2016 06/10/2015 Books  
    Dewey Decimal Classification     PHARMACY SGT FA-FP Library SGT FA-FP Library Reference Book 12/12/2015 AHUJA BOOK COMPNY 200.00 SGTU 6162   615.190, P15M FP1635 12/12/2015 06/10/2015 Books